đŸŽ” Les Winx âœȘ GĂ©nĂ©rique de Fin - Nous les filles du Winx | Paroles đŸŽ” - Statistiques

Statistiques générales
  • Ce quiz a Ă©tĂ© pris 110 fois
  • Le rĂ©sultat moyen est 61 sur 76
Statistiques - réponses
Réponse % Correct
Winx
99%
Winx
99%
Winx
99%
Winx
99%
Winx
99%
Winx Club
99%
Winx Club
99%
Winx Club
99%
Winx Club
99%
Winx Club
99%
Winx Club
99%
Winx Club
99%
Le
97%
Nous
97%
Le
97%
Le
97%
le
97%
Nous
97%
Nous
97%
Nous
97%
Nous
97%
nous
97%
nous
97%
filles
92%
filles
92%
filles
92%
filles
92%
les
92%
les
92%
les
92%
les
92%
les
92%
les
92%
du
91%
du
91%
du
91%
du
91%
du
91%
la
86%
la
86%
la
86%
la
86%
vie
80%
vie
80%
des
79%
des
79%
pour
79%
pour
79%
amies
77%
C'est
77%
C'est
77%
magie
77%
magie
77%
toute
76%
restons
74%
restons
74%
promis
70%
pouvoir
68%
et
64%
merveilleux
63%
merveilleux
63%
destin
62%
unies
62%
L'énergie
57%
Par
56%
Dans
53%
Car
52%
étoiles
52%
On
49%
se
49%
vers
49%
vole
45%
dévoilent
40%
l'univers
39%
rĂȘves
39%
quand
32%
Aucun quiz correspondant
Distribution des résultats
% des personnes avec chaque résultat
Percentile par nombre de réponses
Votre historique - résultats
Vous n’avez pas pris ce quiz